Movies by Synonyms #1000 - Statistics

General Stats
  • This quiz has been taken 621 times
  • The average score is 15 of 30
Answer Stats
Hint Answer % Correct
Rainforest Story Jungle Book
78%
Male of Iron Man of Steel
77%
The Starving Activities The Hunger Games
77%
Protectors of the Milky Way Guardians of the Galaxy
76%
Methods to Teach your Mythical Beast How to Train Your Dragon
76%
Nebula Battles Star Wars
73%
Existence of 3.14 Life of Pi
71%
Sunrise of the World of the Primates Dawn of the Planet of the Apes
68%
Harold Clay-Maker and the Cup of Flames Harry Potter and the Goblet of Fire
68%
USA Shooter American Sniper
67%
Victory Victory Win Win
60%
Speedy and Mad Half-Dozen Fast and Furious 6
59%
The Journal The Notebook
59%
Slaying them Quietly Killing Them Softly
55%
Plaything Tale Toy Story
55%
Tune Flawless Pitch Perfect
52%
Large Potagonist Half-Dozen Big Hero 6
50%
Brink of the Next Day Edge of Tomorrow
50%
Rescuing Mr. Money Lenders Saving Mr. Banks
47%
Objective Unreasonable Mission Impossible
45%
Raiders of the Bahamas Pirates of the Caribbean
45%
Negro White Duck Black Swan
39%
Mole Spy
33%
Capital of Nebraska Lincoln
32%
Subway Crash Trainwreck
30%
The Expiditions of IronIron The Adventures of Tintin
25%
The Revolutionary The Patriot
15%
The Transparent Battle The Invisible War
13%
Security isn't Assured Safety Not Guarenteed
5%
Sad Lover Blue Valentine
2%
No matching quizzes found
Score Distribution
Percent of People with Each Score
Percentile by Number Answered
Your Score History
You have not taken this quiz